Výzkum metod resortního řízení a jeho příspěvek k rozvoji úrovně řízení

Bibliographic Details
Main Author: Novotný, Zbyněk (Author)
Format: Article
Language:Czech
PhysicalDescription:Lit. 3 zázn. v slov., češ.
Subjects:

MARC

LEADER 00000nab a2200000 a 4500
001 vtls000339483
003 SK-MaSNL
005 20260303170357.0
008 160202c1988 xo 0 cze
015 |a SNBRB19rr/mm-uuuuu 
035 |a CL0339605 
040 |a SNKBUCL  |b slo  |c SNKBUCL  |e AACR2 
041 0 |a cze 
044 |a xo  |c SK 
080 |a 69:65.012.4  |2 1981 
080 |a 65.012.4  |2 1981 
100 1 |a Novotný, Zbyněk  |4 aut  |9 1127473 
245 1 0 |a Výzkum metod resortního řízení a jeho příspěvek k rozvoji úrovně řízení  |c Zbyněk Novotný 
300 |b Lit. 3 zázn. v slov., češ. 
650 0 7 |a stavebníctvo (rezort)  |2 snkbucl  |9 946132 
650 0 7 |a riadenie  |2 snkbucl  |9 924 
650 0 7 |a Ústav ekonomiky a organizace stavebnictví (Praha, Česko)  |2 snkbucl  |9 1193517 
655 7 |a články z novín a časopisov  |2 snkbucl  |9 267496 
773 0 |t Ekonomika stavebníctva  |g Roč. 23, č. 2 (1988), s. 52-56 
850 |a Slovenská národná knižnica v Martine  |a MTA001 
852 |a SNK  |b KIS3GCP 
957 |a 3100 
958 |a RK 
958 |a CZ 
992 |a RBX 
999 |c 2076809  |d 2078739